Devinez le Département Mystère #11 - Statistiques

Statistiques générales
  • Ce quiz a été pris 337 fois
  • Le résultat moyen est 25 sur 31
Statistiques - réponses
Type de Réponse Réponse % Correct
Lettre Trouvée E
99%
Lettre de l'Alphabet N
99%
Lettre Trouvée R
99%
Lettre de l'Alphabet A
98%
Lettre de l'Alphabet O
97%
Lettre de l'Alphabet S
97%
Lettre de l'Alphabet U
95%
Lettre de l'Alphabet D
93%
Lettre de l'Alphabet I
93%
Lettre de l'Alphabet T
89%
Lettre de l'Alphabet L
88%
Lettre de l'Alphabet G
87%
Lettre de l'Alphabet B
84%
Lettre Trouvée H
82%
Lettre de l'Alphabet M
82%
Lettre de l'Alphabet V
80%
Lettre Trouvée C
77%
Lettre de l'Alphabet P
77%
Lettre de l'Alphabet J
76%
Lettre de l'Alphabet Y
76%
Lettre de l'Alphabet F
73%
Lettre de l'Alphabet Q
71%
Lettre Bien Placée C
70%
Département Mystère Cher
70%
Lettre Bien Placée E
70%
Lettre Bien Placée H
70%
Lettre de l'Alphabet K
70%
Lettre Bien Placée R
70%
Lettre de l'Alphabet W
70%
Lettre de l'Alphabet X
70%
Lettre de l'Alphabet Z
70%
Aucun quiz correspondant
Distribution des résultats
% des personnes avec chaque résultat
Percentile par nombre de réponses
Votre historique - résultats
Vous n’avez pas pris ce quiz